[Event "Elitserien Allsvenskan 2017-18"]
[Site "Lund"]
[Date "2017.10.22"]
[Round "3"]
[White "Helgason, Reynir"]
[Black "Cederberg, Karl-Olof"]
[Result "1-0"]
[WhiteElo "2294"]
[BlackElo "2161"]
[Annotator "NA"]
[PlyCount "131"]
[EventDate "2017.??.??"]
[EventCountry "SWE"]
[SourceTitle "playchess.com"]
[Source "ChessBase"]
[SourceQuality "1"]
[TimeControl "40/5400+30:1800+30"]

1. d4 {[%emt 0:00:00]} Nf6 {[%emt 0:00:00]} 2. c4 {[%emt 0:00:00]} Nc6 3. Nf3 e6 {[%emt 0:00:34]} 4. Bg5 {[%emt 0:05:45]} Bb4+ {[%emt 0:01:44]} 5. Nc3 {[%emt 0:03:38]} d6 {[%emt 0:00:14] E30: Nimzo-Indian: Leningrad Variation} (5... h6 6. Bh4 O-O 7. e3 Bxc3+ 8. bxc3 d6 9. Bd3 e5 10. Nd2 g5 11. Bg3 Re8 12. O-O Bg4 13. Qb1 Rb8 14. d5 Na5 15. f3 Bh5 16. Bf2 Kg7 {1-0 (59) Tan,Z (2496)-Arabidze,M (2379) Doha 2016}) 6. a3 {[%emt 0:05:32]} Bxc3+ {[%emt 0:00:09]} 7. bxc3 {[%emt 0:00:09]} h6 {[%emt 0:01:58]} 8. Bh4 {[%emt 0:00:53]} Qe7 {[%emt 0:01:27]} 9. e3 {[%emt 0:00:44]} e5 {[%emt 0:00:30]} 10. Qc2 {[%emt 0:09:12]} Bg4 $146 {[%emt 0:07:27]} ({Predecessor:} 10... g5 11. Bg3 g4 12. d5 gxf3 13. dxc6 fxg2 14. Bxg2 {0-1 (44) Woischke,N-Oorebeek,E (2353) IECC-37 vs CIF-2 2000}) 11. Be2 {[%emt 0:07:13]} O-O {[%emt 0:11:21]} 12. h3 {[%emt 0:05:25]} Bh5 {[%emt 0:02:01]} 13. g4 {[%emt 0:01:14]} Bg6 {[%emt 0:00:03]} 14. Qb2 {[%emt 0:01:02]} Be4 {[%emt 0:01:51]} 15. O-O {[%emt 0:00:57]} g5 {[%emt 0:01:32]} 16. Bg3 {[%emt 0:13:28]} Rab8 {[%emt 0:06:35]} 17. Rae1 {[%emt 0:01:55]} Bg6 {[%emt 0:04:07]} 18. Nd2 {[%emt 0:02:33]} Nd7 {[%emt 0:11:53]} 19. f4 {[%emt 0:17:19]} f5 {[%emt 0:04:54] [#]} (19... gxf4 $14 20. exf4 exd4) 20. c5 $16 {[%emt 0:01:53]} Qg7 {[%emt 0:07:18]} 21. cxd6 {[%emt 0:05:17]} cxd6 {[%emt 0:00:07]} 22. Kh2 {[%emt 0:03:58]} Nb6 {[%emt 0:05:39]} 23. fxg5 {[%emt 0:04:08]} hxg5 {[%emt 0:05:06]} 24. gxf5 Bxf5 {[%emt 0:00:06]} 25. Rxf5 {[%emt 0:02:00]} Rxf5 {[%emt 0:03:40]} 26. Rg1 {[%emt 0:00:15]} Rbf8 {[%emt 0:02:05]} 27. Rg2 {[%emt 0:00:21]} Kh8 {[%emt 0:02:39]} 28. Ne4 {[%emt 0:01:02]} Qe7 {[%emt 0:04:00]} 29. Nf2 {[%emt 0:04:00]} Nd5 {[%emt 0:00:29]} 30. e4 {[%emt 0:00:14]} Rxf2 31. Rxf2 Rxf2+ {[%emt 0:04:58]} 32. Bxf2 {[%emt 0:00:31]} Nf4 {[%emt 0:00:10]} 33. d5 {[%emt 0:00:00]} Qh7 {[%emt 0:09:25]} 34. Bf1 Nd8 35. Qb5 {[%emt 0:02:05]} Nf7 {[%emt 0:03:20]} 36. Qxb7 {[%emt 0:00:07]} Kg7 {[%emt 0:00:14]} 37. Qxa7 {[%emt 0:00:39]} Nxh3 {[%emt 0:00:24]} 38. Bxh3 {[%emt 0:00:17]} g4 {[%emt 0:00:04]} 39. Qe3 {[%emt 0:00:28]} gxh3 {[%emt 0:00:24]} 40. Qxh3 {[%emt 0:01:30]} Qxh3+ {[%emt 0:30:11]} 41. Kxh3 {[%emt 0:30:09]} Ng5+ {[%emt 0:00:01]} 42. Kg2 {[%emt 0:01:10]} Nxe4 {[%emt 0:00:00]} 43. Be1 {[%emt 0:00:00]} Kf6 {[%emt 0:00:00]} 44. c4 {[%emt 0:00:00]} Ke7 {[%emt 0:00:00]} 45. Bb4 {[%emt 0:00:00]} Nf6 {[%emt 0:00:00]} 46. a4 {[%emt 0:00:00]} Nd7 {[%emt 0:00:00]} 47. a5 {[%emt 0:00:00]} Nb8 {[%emt 0:00:00]} 48. Kf3 {[%emt 0:00:00]} Na6 {[%emt 0:00:00]} 49. Ba3 {[%emt 0:00:00]} Kd7 {[%emt 0:00:00]} 50. Ke4 {[%emt 0:00:00]} Kc7 {[%emt 0:00:00]} 51. Kd3 {[%emt 0:00:00]} Nb8 {[%emt 0:00:00]} 52. Kc3 {[%emt 0:00:00]} Nd7 {[%emt 0:00:00]} 53. Kb4 {[%emt 0:00:00]} Nc5 {[%emt 0:03:46]} 54. Kb5 {[%emt 0:00:00]} Ne4 {[%emt 0:03:20]} 55. a6 {[%emt 0:00:00]} Nc3+ {[%emt 0:00:07]} 56. Ka5 {[%emt 0:00:00]} Ne4 {[%emt 0:00:04]} 57. Bb4 {[%emt 0:00:00]} Kb8 {[%emt 0:01:13]} 58. Kb6 {[%emt 0:00:00]} Ka8 {[%emt 0:00:04]} 59. a7 {[%emt 0:01:22]} Nf6 {[%emt 0:01:49]} 60. Bxd6 {[%emt 0:00:07]} e4 {[%emt 0:00:05]} 61. Bg3 {[%emt 0:03:09]} e3 {[%emt 0:01:00]} 62. d6 {[%emt 0:00:34]} e2 {[%emt 0:00:17]} 63. Kc6 {[%emt 0:00:34]} Kxa7 {[%emt 0:00:54]} 64. d7 {[%emt 0:00:41]} Nxd7 {[%emt 0:00:05]} 65. Kxd7 {[%emt 0:00:06]} Kb6 {[%emt 0:00:01]} 66. Kd6 {[%emt 0:00:12]} 1-0

[Event "Elitserien Allsvenskan 2017-18"]
[Site "Lund"]
[Date "2017.10.22"]
[Round "3"]
[White "Henriksson, Johan"]
[Black "Kucuksari, Kaan"]
[Result "1/2-1/2"]
[WhiteElo "2292"]
[BlackElo "2315"]
[Annotator "NA"]
[PlyCount "119"]
[EventDate "2017.??.??"]
[EventCountry "SWE"]
[SourceTitle "playchess.com"]
[Source "ChessBase"]
[SourceQuality "1"]
[TimeControl "40/5400+30:1800+30"]

1. d4 {[%emt 0:00:00]} Nf6 {[%emt 0:02:08]} 2. c4 {[%emt 0:00:00]} e6 {[%emt 0:00:10]} 3. g3 {[%emt 0:00:00]} d5 {[%emt 0:00:45]} 4. Bg2 {[%emt 0:00:23]} c6 {[%emt 0:00:31]} 5. Nf3 {[%emt 0:00:08]} Nbd7 {[%emt 0:00:07]} 6. O-O {[%emt 0:01:43]} Be7 {[%emt 0:00:11]} 7. Nc3 {[%emt 0:01:19]} O-O {[%emt 0:03:28]} 8. Nd2 {[%emt 0:08:06]} c5 {[%emt 0:09:54]} 9. dxc5 {[%emt 0:09:28]} d4 {[%emt 0:01:24]} 10. Na4 {[%emt 0:17:42]} Nxc5 $16 {[%emt 0:03:39]} 11. Nf3 {[%emt 0:07:50]} d3 {[%emt 0:15:07]} 12. exd3 {[%emt 0:14:48]} Nxd3 {[%emt 0:03:25]} 13. Be3 {[%emt 0:05:20]} e5 {[%emt 0:06:12]} 14. Qb3 {[%emt 0:04:41]} Bg4 {[%emt 0:07:09]} 15. Ne1 {[%emt 0:05:57]} Be2 {[%emt 0:08:08]} 16. Nxd3 {[%emt 0:02:49]} Qxd3 {[%emt 0:00:36]} 17. Rfc1 {[%emt 0:03:28]} Qxb3 {[%emt 0:09:09]} 18. axb3 {[%emt 0:00:02]} e4 {[%emt 0:00:19]} 19. Bd4 {[%emt 0:02:56]} Bd3 {[%emt 0:01:59]} 20. Nc3 {[%emt 0:02:11]} a6 {[%emt 0:01:40]} 21. Re1 {[%emt 0:01:01]} Rfe8 {[%emt 0:05:43]} 22. Bxe4 {[%emt 0:05:48]} Nxe4 {[%emt 0:01:33]} 23. Nxe4 {[%emt 0:00:02]} Bb4 {[%emt 0:00:01]} 24. Nc3 {[%emt 0:01:24]} Bc2 {[%emt 0:05:14]} 25. Rxe8+ Rxe8 {[%emt 0:00:07]} 26. Nd5 {[%emt 0:00:55]} Bf8 {[%emt 0:01:19]} 27. b4 {[%emt 0:00:45]} Bb3 {[%emt 0:04:14]} 28. Rc1 {[%emt 0:01:47]} Re4 {[%emt 0:02:31]} 29. Bc5 {[%emt 0:00:52]} Rxc4 {[%emt 0:03:25]} 30. Rxc4 {[%emt 0:00:29]} Bxc4 {[%emt 0:00:05]} 31. Ne7+ {[%emt 0:00:39]} Bxe7 {[%emt 0:00:59]} 32. Bxe7 {[%emt 0:00:04]} f6 {[%emt 0:00:09]} 33. f4 {[%emt 0:00:16]} Kf7 {[%emt 0:00:06]} 34. Bc5 {[%emt 0:00:04]} Ke6 {[%emt 0:00:09]} 35. Bd4 {[%emt 0:00:19]} Kd5 {[%emt 0:00:08]} 36. Bc3 {[%emt 0:00:04]} Ke4 {[%emt 0:00:12]} 37. Kf2 {[%emt 0:00:04]} Bb5 {[%emt 0:02:37]} 38. Bd2 {[%emt 0:00:11]} Kd3 {[%emt 0:01:13]} 39. Bc3 {[%emt 0:00:04]} h5 {[%emt 0:00:06]} 40. h4 {[%emt 0:00:43]} Bc6 {[%emt 0:30:36]} 41. Be1 {[%emt 0:30:40]} Bh1 {[%emt 0:03:28]} 42. Bc3 {[%emt 0:00:05]} Be4 {[%emt 0:00:00]} 43. Be1 {[%emt 0:00:00]} Bf5 {[%emt 0:00:00]} 44. Bc3 {[%emt 0:00:00]} b6 {[%emt 0:00:00]} 45. Be1 {[%emt 0:00:00]} Kc4 {[%emt 0:00:00]} 46. Ke3 {[%emt 0:00:00]} Kb5 {[%emt 0:00:00]} 47. Kd4 {[%emt 0:00:00]} Be6 {[%emt 0:00:00]} 48. Kc3 {[%emt 0:00:00]} Kc6 {[%emt 0:00:00]} 49. Kd4 {[%emt 0:00:00]} Kb5 {[%emt 0:00:00]} 50. Kc3 {[%emt 0:00:00]} a5 {[%emt 0:00:00]} 51. bxa5 {[%emt 0:00:00]} bxa5 {[%emt 0:00:00]} 52. Kd4 {[%emt 0:00:00]} a4 {[%emt 0:00:00]} 53. Bc3 {[%emt 0:00:00]} Bb3 {[%emt 0:00:00]} 54. Bd2 {[%emt 0:00:00]} Kc6 {[%emt 0:00:00]} 55. Bb4 {[%emt 0:00:00]} Kd7 {[%emt 0:00:00]} 56. Bf8 {[%emt 0:00:00]} Bc2 {[%emt 0:00:00]} 57. Bxg7 {[%emt 0:00:00]} Ke7 {[%emt 0:00:00]} 58. f5 {[%emt 0:00:00]} Bxf5 {[%emt 0:00:00]} 59. Bh6 {[%emt 0:00:00]} Ke6 {[%emt 0:00:00]} 60. Bf4 {[%emt 0:00:00] Ke5+ Ke4+} 1/2-1/2

[Event "Elitserien Allsvenskan 2017-18"]
[Site "Lund"]
[Date "2017.10.22"]
[Round "3"]
[White "Ong, Kezli"]
[Black "Agrest, Inna"]
[Result "1-0"]
[WhiteElo "2291"]
[BlackElo "2271"]
[Annotator "NA"]
[PlyCount "63"]
[EventDate "2017.??.??"]
[EventCountry "SWE"]
[SourceTitle "playchess.com"]
[Source "ChessBase"]
[SourceQuality "1"]
[TimeControl "40/5400+30:1800+30"]

1. e4 {[%emt 0:00:48]} e5 {[%emt 0:00:53]} 2. Nf3 {[%emt 0:00:26]} Nc6 {[%emt 0:00:06]} 3. Bc4 {[%emt 0:01:20]} Nf6 {[%emt 0:00:06]} 4. d3 {[%emt 0:00:11]} Bc5 {[%emt 0:00:50]} 5. c3 {[%emt 0:01:34]} a6 {[%emt 0:00:25]} 6. Bb3 {[%emt 0:00:59]} Ba7 {[%emt 0:00:20]} 7. O-O {[%emt 0:00:13]} d6 {[%emt 0:01:41]} 8. Re1 {[%emt 0:01:15]} O-O {[%emt 0:06:04]} 9. h3 $11 {[%emt 0:03:21]} Ne7 {[%emt 0:06:03]} 10. Nbd2 {[%emt 0:01:33]} Ng6 {[%emt 0:02:41]} 11. Nf1 {[%emt 0:00:19]} c6 {[%emt 0:02:04]} 12. Ng3 {[%emt 0:17:49]} h6 {[%emt 0:22:10]} 13. d4 {[%emt 0:08:16]} b5 {[%emt 0:22:50]} 14. Be3 {[%emt 0:06:43]} c5 {[%emt 0:02:00]} 15. Qd2 {[%emt 0:06:48]} Bb6 {[%emt 0:11:20]} 16. Bxh6 {[%emt 0:23:25]} c4 {[%emt 0:06:59]} 17. Bc2 {[%emt 0:00:53]} gxh6 {[%emt 0:00:50]} 18. Qxh6 {[%emt 0:00:08]} Re8 {[%emt 0:04:41]} 19. Nf5 {[%emt 0:08:44]} Bxf5 {[%emt 0:00:21]} 20. exf5 {[%emt 0:00:07]} Nf4 {[%emt 0:04:49]} 21. Rad1 {[%emt 0:10:32]} Nd3 {[%emt 0:02:28]} 22. Bxd3 {[%emt 0:01:23]} cxd3 {[%emt 0:00:02]} 23. Nxe5 {[%emt 0:02:01]} dxe5 {[%emt 0:01:33]} 24. Rxd3 {[%emt 0:00:18]} Nh5 {[%emt 0:00:36]} 25. Ree3 {[%emt 0:00:41]} Nf4 {[%emt 0:00:34]} 26. f6 {[%emt 0:02:12]} Qxf6 {[%emt 0:00:29]} 27. Qxf6 {[%emt 0:00:18]} Nxd3 {[%emt 0:00:10]} 28. Rxd3 {[%emt 0:00:42]} Bd8 {[%emt 0:00:49]} 29. Rg3+ {[%emt 0:00:54]} Kf8 {[%emt 0:00:06]} 30. Qd6+ {[%emt 0:00:33]} Re7 {[%emt 0:00:14]} 31. Qh6+ {[%emt 0:00:07]} Ke8 {[%emt 0:00:05]} 32. Qc6+ {[%emt 0:00:05]} 1-0

[Event "Elitserien Allsvenskan 2017-18"]
[Site "Lund"]
[Date "2017.10.22"]
[Round "3"]
[White "Andersson, Fredrik"]
[Black "Mauritsson, Sebastian"]
[Result "1/2-1/2"]
[WhiteElo "2286"]
[BlackElo "2331"]
[Annotator "NA"]
[PlyCount "46"]
[EventDate "2017.??.??"]
[EventCountry "SWE"]
[SourceTitle "playchess.com"]
[Source "ChessBase"]
[SourceQuality "1"]
[TimeControl "40/5400+30:1800+30"]

1. d4 Nf6 {[%emt 0:00:21]} 2. c4 {[%emt 0:00:00]} g6 {[%emt 0:00:54]} 3. Nc3 {[%emt 0:00:00]} Bg7 {[%emt 0:00:13]} 4. e4 {[%emt 0:00:00]} d6 {[%emt 0:00:31]} 5. Nf3 {[%emt 0:00:00]} O-O $14 {[%emt 0:00:10]} 6. Be2 {[%emt 0:00:06]} e5 {[%emt 0:00:33]} 7. O-O exd4 {[%emt 0:09:17]} 8. Nxd4 {[%emt 0:00:45]} Re8 {[%emt 0:00:00]} 9. f3 {[%emt 0:02:10]} Nc6 {[%emt 0:00:00]} 10. Be3 {[%emt 0:03:45]} Nh5 11. Nxc6 {[%emt 0:17:02]} bxc6 {[%emt 0:00:23]} 12. Qd2 {[%emt 0:18:50]} c5 {[%emt 0:17:38]} 13. Rad1 {[%emt 0:08:13]} Bb7 14. g4 {[%emt 0:00:27]} Nf6 {[%emt 0:02:08]} 15. Bg5 {[%emt 0:04:09]} Qc8 {[%emt 0:04:38]} 16. Nd5 {[%emt 0:05:50]} Bxd5 {[%emt 0:10:24]} 17. cxd5 {[%emt 0:04:07]} Qb7 18. Rb1 {[%emt 0:02:43]} Nd7 {[%emt 0:13:23]} 19. Kg2 Rab8 20. b3 {[%emt 0:05:59]} Rf8 {[%emt 0:09:25]} 21. Be7 {[%emt 0:00:59]} Rfe8 {[%emt 0:00:12]} 22. Bg5 {[%emt 0:00:05]} Rf8 {[%emt 0:00:07]} 23. Be7 {[%emt 0:00:06]} Rfe8 {[%emt 0:00:06]} 1/2-1/2

[Event "Elitserien Allsvenskan 2017-18"]
[Site "Lund"]
[Date "2017.10.22"]
[Round "3"]
[White "Malm Lindberg, Henrik"]
[Black "Hansen, Mads"]
[Result "0-1"]
[WhiteElo "2229"]
[BlackElo "2393"]
[Annotator "NA"]
[PlyCount "68"]
[EventDate "2017.??.??"]
[EventCountry "SWE"]
[SourceTitle "playchess.com"]
[Source "ChessBase"]
[SourceQuality "1"]
[TimeControl "40/5400+30:1800+30"]

1. e4 {[%emt 0:00:00]} e5 {[%emt 0:00:07]} 2. Nf3 {[%emt 0:00:00]} Nc6 {[%emt 0:00:04]} 3. Bb5 {[%emt 0:00:00]} a6 {[%emt 0:00:42]} 4. Ba4 {[%emt 0:00:00]} Nf6 $14 {[%emt 0:00:04]} 5. O-O {[%emt 0:00:08]} Be7 {[%emt 0:00:05]} 6. Re1 {[%emt 0:00:13]} b5 {[%emt 0:00:06]} 7. Bb3 {[%emt 0:00:07]} O-O {[%emt 0:00:03]} 8. c3 {[%emt 0:00:27]} d6 9. h3 Na5 10. Bc2 c5 11. d4 Nd7 {[%emt 0:04:59]} 12. dxc5 dxc5 13. Nbd2 Bb7 14. Nf1 Nc4 15. Ng3 Nd6 16. h4 Qc7 17. Bg5 Rfe8 18. Nh2 Rad8 19. Qg4 Nf6 20. Bxf6 Bxf6 21. Nh5 Qe7 22. Nf1 g6 23. Nxf6+ Qxf6 24. Ne3 h5 25. Qg5 Nxe4 26. Bxe4 Qxg5 27. hxg5 Bxe4 28. Rad1 Bd3 29. f3 e4 30. f4 f6 31. gxf6 Rf8 32. g3 Rxf6 33. Nc2 h4 34. Rxe4 Rfd6 0-1

[Event "Elitserien Allsvenskan 2017-18"]
[Site "Lund"]
[Date "2017.10.22"]
[Round "3"]
[White "Eklund, Joel"]
[Black "Thornblad, Erik"]
[Result "0-1"]
[WhiteElo "2226"]
[BlackElo "2087"]
[Annotator "NA"]
[PlyCount "78"]
[EventDate "2017.??.??"]
[EventCountry "SWE"]
[SourceTitle "playchess.com"]
[Source "ChessBase"]
[SourceQuality "1"]
[TimeControl "40/5400+30:1800+30"]

1. d4 {[%emt 0:00:00]} Nf6 {[%emt 0:00:11]} 2. Bg5 {[%emt 0:00:00]} e6 {[%emt 0:03:26]} 3. e3 {[%emt 0:00:04]} c5 {[%emt 0:00:52]} 4. Nd2 {[%emt 0:00:11]} d5 {[%emt 0:03:56]} 5. c3 {[%emt 0:00:22]} Nc6 {[%emt 0:02:16]} 6. f4 {[%emt 0:00:36]} Be7 {[%emt 0:01:53]} 7. Bd3 {[%emt 0:00:20]} Bd7 {[%emt 0:02:35]} 8. Ngf3 {[%emt 0:00:27]} Rc8 {[%emt 0:03:03]} 9. O-O {[%emt 0:00:30]} cxd4 {[%emt 0:14:15]} 10. exd4 {[%emt 0:00:21]} O-O {[%emt 0:06:50]} 11. Qe2 {[%emt 0:00:21]} a6 {[%emt 0:06:16]} 12. Ne5 {[%emt 0:04:08]} b5 {[%emt 0:03:35]} 13. Rf3 {[%emt 0:17:31]} ({Jedoch nicht} 13. Bxf6 $6 Bxf6 14. Nxd7 (14. Qh5 g6 $11) 14... Qxd7 $14) 13... g6 {[%emt 0:05:02]} 14. h4 $16 {[%emt 0:10:43]} ({White should play} 14. a3) 14... b4 {[%emt 0:07:52]} 15. Bxa6 {[%emt 0:08:31]} bxc3 {[%emt 0:05:12]} 16. bxc3 {[%emt 0:00:23]} Rb8 {[%emt 0:03:28]} 17. a4 {[%emt 0:32:01]} Rb2 {[%emt 0:02:16]} 18. Bxf6 {[%emt 0:00:45]} Bxf6 {[%emt 0:00:28]} 19. Nxd7 {[%emt 0:00:05]} Qxd7 {[%emt 0:06:44]} 20. Bb5 {[%emt 0:00:33]} Nxd4 {[%emt 0:05:44]} 21. cxd4 {[%emt 0:03:52]} Bxd4+ {[%emt 0:00:03]} 22. Kf1 {[%emt 0:00:16]} Rxb5 {[%emt 0:00:21]} 23. Qxb5 {[%emt 0:00:10]} Qxb5+ {[%emt 0:00:14]} 24. axb5 {[%emt 0:00:06]} Bxa1 {[%emt 0:00:02]} 25. Nb3 {[%emt 0:00:23]} Bf6 {[%emt 0:00:44]} 26. Na5 {[%emt 0:00:25]} Rb8 {[%emt 0:01:56]} 27. Rb3 {[%emt 0:00:19]} Bxh4 {[%emt 0:01:33]} 28. Nc6 {[%emt 0:04:08]} Rb6 {[%emt 0:00:25]} 29. Ne5 {[%emt 0:12:27]} Rb7 {[%emt 0:00:11]} 30. Ke2 {[%emt 0:02:34]} Be7 {[%emt 0:02:32]} 31. Kd3 {[%emt 0:00:42]} Kf8 {[%emt 0:02:38]} 32. Kd4 {[%emt 0:01:01]} Ke8 {[%emt 0:03:10]} 33. b6 {[%emt 0:00:55]} Bd6 {[%emt 0:03:00]} 34. g3 {[%emt 0:00:28]} h5 {[%emt 0:01:07]} 35. Nc6 {[%emt 0:01:09]} Kd7 {[%emt 0:00:47]} 36. Na5 {[%emt 0:00:39]} Rb8 {[%emt 0:00:36]} 37. Rb1 {[%emt 0:00:31]} h4 {[%emt 0:01:54]} 38. gxh4 {[%emt 0:00:27]} Bxf4 {[%emt 0:00:35]} 39. Kc5 {[%emt 0:00:00]} Be3+ {[%emt 0:00:21] Kd4} 0-1

[Event "Elitserien Allsvenskan 2017-18"]
[Site "Lund"]
[Date "2017.10.22"]
[Round "3"]
[White "Johansson, Thomas"]
[Black "Johansson, Linus"]
[Result "0-1"]
[WhiteElo "2221"]
[BlackElo "2468"]
[Annotator "TA"]
[PlyCount "124"]
[EventDate "2017.??.??"]
[EventCountry "SWE"]
[SourceTitle "playchess.com"]
[Source "ChessBase"]
[SourceQuality "1"]

{[%evp 16,124,49,23,47,52,82,75,104,103,111,110,108,93,110,111,107,107,112,92,106,79,126,70,79,36,40,26,36,0,-9,-6,-9,-16,0,-22,-16,-28,0,-12,0,-23,0,0,26,-16,-10,-27,12,-19,3,-140,-130,-255,-234,-251,-255,-431,-426,-405,-5,-14,-6,-251,327,309,325,336,331,306,342,325,456,-32,-32,-45,-33,-45,-68,-41,-50,-47,-67,-225,-124,-198,-98,-143,-126,-141,-55,-163,-158,-327,0,0,0,-128,-154,-218,-231,-327,-308,-370,-416,-378,-266,-252,-236,-253,-246]} 1. d4 Nf6 2. c4 e6 3. Nf3 b6 4. g3 Bb7 5. Bg2 Be7 6. O-O O-O 7. Re1 Na6 8. Nc3 Bb4 {E18: Queen's Indian: Old Main Line (4 g3 Bb7 5 Bg2 Be7 6 0-0 0-0 7 Nc3)} (8... d5 9. cxd5 exd5 10. Bf4 Re8 11. Rc1 c5 12. dxc5 Nxc5 13. Nd4 a6 14. a3 Bf8 15. b4 Ne6 16. Nxe6 fxe6 17. Na4 Rc8 18. Rxc8 Qxc8 19. Qd4 b5 {0-1 (82) Nakamura,H (2787)-Carlsen,M (2853) chess.com INT 2016}) 9. Bd2 {LiveBook: 3 Games} c5 10. d5 d6 $146 {White is slightly better.} ({Predecessor:} 10... exd5 11. Nh4 Nc7 12. Nf5 Rb8 13. cxd5 Bxd5 14. Nxd5 Ncxd5 15. e4 Bxd2 16. Qxd2 {½-½ (27) Schmidt,P (2403)-Anka,E (2425) Bayern 2001}) 11. e4 e5 12. a3 Ba5 13. Rb1 Bc8 14. Nh4 Rb8 15. Bf1 Bd7 16. Qc2 Ne8 17. b3 g6 18. Bd3 Nec7 19. Rb2 (19. f4 $16) 19... b5 $14 20. Nb1 Na8 21. Re2 bxc4 22. Bxc4 Bxd2 23. Nxd2 (23. Qxd2 {with more complications.} N6c7 24. Nc3 Nb6 25. Qh6 a6 26. f4) 23... N6c7 {[%cal Ba6c7,Bc7e8,Be8g7][%mdl 32]} 24. a4 Ne8 25. Nf1 Ng7 26. f3 Nc7 27. Qd2 Qe7 28. Rc2 Bc8 29. Rc3 Na6 30. Qc1 Nb4 31. Qh6 Rb7 32. f4 f6 33. Rf2 (33. Nd2 $11) 33... exf4 $17 34. gxf4 (34. Nd2 $17) 34... Qxe4 $19 35. Re3 Qb1 36. Kg2 $2 (36. Nf3 {might work better.}) 36... Nc2 37. Rg3 Nd4 $2 (37... Re7 $19 38. h3 Nf5 39. Nxf5 Bxf5) 38. Bd3 $1 $11 {[%cal Rd3b1]} Qxb3 {[#]} 39. Be4 $2 (39. Nxg6 $1 $11 {[%mdl 512] and White stays safe.} Qxd5+ (39... hxg6 40. Bxg6) 40. Kg1) 39... Qxg3+ $4 {[%mdl 8192]} (39... Qxa4 40. Bxg6 $1 {[%mdl 512]} hxg6 41. Nxg6 $19) (39... Ngf5 $19 {and all is fine.} 40. Nxf5 Nxf5 41. Rxb3 Nxh6 42. Rxb7 Bxb7) 40. Nxg3 $18 ({Less strong is} 40. hxg3 Ngf5 $18) 40... f5 41. Bd3 Rb3 42. Bc4 Rc3 43. Ba2 Bb7 {[#]} (43... Nc2 $142) 44. Nf3 $2 (44. Nxg6 $1 $18 hxg6 45. Qxg6) 44... Nxf3 $15 45. Rxf3 Rc2+ 46. Rf2 Rxa2 $1 47. Rxa2 Bxd5+ 48. Kf2 Bxa2 49. h4 $2 (49. Qh4 $15) 49... Bf7 ({Black should play} 49... Ne8 $1 $19 50. h5 Nf6) 50. h5 (50. Qg5 $17 {was worth a try.}) 50... Ne6 ({Inferior is} 50... Nxh5 51. Nxh5 gxh5 52. Qxd6 $11) (50... d5 $19 {has better winning chances.} 51. hxg6 hxg6) 51. hxg6 hxg6 {Hoping for ...Rb8.} 52. Ne2 Rb8 (52... Rd8 $17 {aiming for ...d5.} 53. Qh4 Rd7) 53. Nc3 ({Only move:} 53. Qh1 $15) 53... Rb2+ $19 54. Ke1 $2 (54. Kf1 $17 {was called for.}) 54... Nf8 $2 (54... Nd4 $19 55. Qh3 Kg7) 55. Nb5 $11 d5 {[%cal Bd6d5,Bd5d4][%mdl 32]} 56. Nd6 {[#]} (56. Qg5 $11) 56... Rb6 $1 $17 {[%cal Rb6d6]} 57. Nc8 (57. Nxf7 $17 Rb1+ 58. Kd2 Kxf7 59. Qh4) 57... Re6+ $19 58. Kd2 (58. Kd1 $142) 58... d4 59. Nxa7 c4 {[%cal Bc5c4,Bc4c3][%mdl 32] ...c3+ is the strong threat.} 60. Nb5 Re3 61. Qh4 c3+ 62. Kc1 {[#]} Rd3 $1 {Precision: White = 29%, Black = 38%.} 0-1